Estalviem sofre : els polisulfurs / Josep Ma. Valls els polisulfurs / Josep Ma. Valls
Descripción Física:
63 p. ; 20 cm
Colección:
El Llibre de la pagesia
Otros Autores:
Catalunya. Mancomunitat. Direcció d' Agricultura
MARC
| LEADER | 00000nam a2200000Ia 4500 | ||
|---|---|---|---|
| 001 | 7974 | ||
| 008 | 160829s1918 xx 000 0 cat d | ||
| 710 | 2 | |a Catalunya. |b Mancomunitat |9 53015 | |
| 952 | |0 0 |1 0 |4 0 |6 C238 |7 1 |9 43124 |a Arxiu |b Arxiu |d 2016-12-01 |l 0 |o C-2-38 |p 7974 |r 2016-12-01 00:00:00 |w 2016-12-01 |y ARXIU | ||
| 999 | |c 45668 |d 45668 | ||
| 080 | |a C-2-38 | ||
| 100 | |a Valls, Josep Maria |9 24381 | ||
| 245 | |a Estalviem sofre : |b els polisulfurs / Josep Ma. Valls | ||
| 260 | |a Barcelona : |b [Mancomunitat de Catalunya. Direcció d'Agricultura], |c 1918 | ||
| 300 | |a 63 p. ; |c 20 cm | ||
| 490 | |a El Llibre de la pagesia | ||
| 590 | |a Hi ha un duplicat a: DUP-297 | ||
| 650 | |a Vinya |x Malalties i plagues |9 24382 | ||
| 650 | 0 | |a Plaguicides |9 25663 | |
| 650 | |a Polisulfurs |x Aplicacions agrícoles |9 24384 | ||
| 700 | |a Catalunya. Mancomunitat. Direcció d' Agricultura |9 30401 | ||
| 901 | |a Arxiu | ||
| 942 | |n 1 |2 udc | ||